Aqwam e aalam / (Record no. 35417)

MARC details
000 -LEADER
fixed length control field 00454nam a22001697a 4500
005 - DATE AND TIME OF LATEST TRANSACTION
control field 20240321113559.0
008 - FIXED-LENGTH DATA ELEMENTS--GENERAL INFORMATION
fixed length control field 240321b |||||||| |||| 00| 0 eng d
082 ## - DEWEY DECIMAL CLASSIFICATION NUMBER
Classification number 909.097
Item number IMT-A
100 ## - MAIN ENTRY--AUTHOR
Author Name Professor Muhammad Imtiaz
245 ## - TITLE STATEMENT
Title Aqwam e aalam /
Statement of responsibility, etc. Muhammad Imtiaz.
250 ## - EDITION STATEMENT
Edition statement 2nd ed.
260 ## - PUBLICATION, DISTRIBUTION, ETC.
Place of Publication Pakistan :
Name of publisher, distributor, etc. S.S.Traders and Publishers
Date of publication, distribution, etc. 2012.
300 ## - PHYSICAL DESCRIPTION
Pages 208 p. :
500 ## - GENERAL NOTE
General note Quiz books.
650 ## - SUBJECT ADDED ENTRY--TOPICAL TERM
Subject / Department Literature
300 ## - PHYSICAL DESCRIPTION
-- 21 cm .
952 ## - LOCATION AND ITEM INFORMATION (KOHA)
-- 0
-- 0
Holdings
Lost status Damaged status Collection code Permanent Location Current Location Shelving Location Date acquired Full Call Number Accession No./Barcode Date last seen item type Koha item type
    Literature/Urdu/eng/Islamic Superior Information Resource Center (SIRC) Superior University- Central Library Superior Information Resource Center (SIRC) Superior University- Central Library Literature 03/21/2024 909.097 IMT-A 2012 29144 03/21/2024 BOOK BOOK

Powered by Koha